00289nam a2200121Ia 4500008004100000041000800041082001200049100001800061245002700079260002800106300002400134365000900158240624s9999 xx 000 0 und d aeng a823 GAU aGAUTREAUX TIM aSAME PLACE SAME THINGS c1996aNew YorkbPicador a211 : p. : cm. ; 21 cb20